| 000 | 00379nam a2200145Ia 4500 | ||
|---|---|---|---|
| 008 | 230519s9999 xx 000 0 und d | ||
| 020 | _a978-93-81390-16-0 | ||
| 041 | _aeng | ||
| 082 | _aPS/610.7365/GUP/DB0394 | ||
| 100 | _aGupta Ram | ||
| 245 | _aTextbook of Mental Health Nursing | ||
| 260 |
_bS Vikas and Co _aJalandhar _c2014 |
||
| 300 | _a560p | ||
| 999 |
_c159197 _d159197 |
||